Countries with Nine Letters Quiz - Statistics

General Stats
  • This quiz has been taken 33 times
  • The average score is 8 of 13
Answer Stats
Answer % Correct
Australia
96%
Argentina
88%
Guatemala
88%
Nicaragua
84%
Venezuela
76%
Costa Rica
72%
Indonesia
64%
Lithuania
56%
Singapore
48%
East Timor
40%
San Marino
40%
Mauritius
36%
Cape Verde
16%
No matching quizzes found
Score Distribution
Percent of People with Each Score
Percentile by Number Answered
Your Score History
You have not taken this quiz